Statistics for Abilities based on the Pokemon-Gen III

Click here to take the quiz!

General Stats

  • This quiz has been taken 4 times
  • The average score is 14 of 20

Answer Stats

PokemonAbility(ies)% Correct
Camerupt (Hidden)Anger Point
100%
ArmaldoBattle Armour
100%
BlazikenBlaze
100%
RegiceClear Body
100%
RegisteelClear Body
100%
Altaria (Hidden)Cloud Nine
100%
Dustox (Hidden)Compound Eyes
100%
Gorebyss
Swift Swim
100%
BreloomEffect Spore | Poison Heal
100%
CastformForecast
100%
Luvdisc (Hidden)Hydration
100%
GlalieInner Focus | Ice Body
100%
BanetteInsomnia | Frisk
100%
SalamenceIntimidate
100%
MightyenaIntimidate | Quick Feet
100%
SableyeKeen Eye | Stall
100%
LatiosLevitate
100%
ChimechoLevitate
100%
LunatoneLevitate
100%
LatiasLevitate
100%
Metagross (Hidden)Light Metal
100%
Mega SableyeMagic Bounce
100%
CameruptMagma Armour | Solid Rock
100%
MiloticMarvel Scale | Competitive
100%
MinunMinus
100%
Ludicolo (Hidden)Own Tempo
100%
SpindaOwn Tempo | Tangled Feet
100%
Shiftry( Hidden)Pickpocket
100%
LinoonePickup | Gluttony
100%
Sableye (Hidden)Prankster
100%
DeoxysPressure
100%
AbsolPressure | Super Luck
100%
Kecleon (Hidden)Protean
100%
Exploud (Hidden)Scrappy
100%
ExploudSoundproof
100%
Relicanth (Hidden)Sturdy
100%
BeautiflySwarm
100%
GardevoirSynchronise | Trace
100%
HariyamaThick Fat | Guts
100%
WalreinThick Fat | Ice Body
100%
Zangoose (Hidden)Toxic Boost
100%
Sceptile (Hidden)Unburden
100%
Aggron (Hidden)Heavy Metal
50%
Gorebyss (Hidden)Hydration
50%
Volbeat (Hidden)Prankster
50%
RelicanthSwift Swim | Rock Head
50%
Delcatty (HIdden)Wonder Skin
33%
Crawdaunt (HIdden)Adaptability
0%
RayquazaAir Lock
0%
ShiftryChlorophyll | Early Bird
0%
TropiusChlorophyll | Solar Power
0%
RegirockClear Body
0%
MetagrossClear Body
0%
KecleonColour Change
0%
Spinda (Hidden)Contrary
0%
Banette (Hidden)Cursed Body
0%
Milotic (Hidden)Cute Charm
0%
DelcattyCute Charm | Normalise
0%
Swampert (Hidden)Damp
0%
KyogreDrizzle
0%
GroudonDrought
0%
Grumpig (Hidden)Gluttony
0%
Swalot (Hidden)Gluttony
0%
SwellowGuts
0%
Tropius(Hidden)Harvest
0%
Whishcash (Hidden)Hydration
0%
MawileHyper Cutter | Intimidate
0%
CrawdauntHyper Cutter | Shell Armour
0%
Regice (Hidden)Ice Body
0%
VolbeatIlluminate | Swarm
0%
ZangooseImmunity
0%
MasquerainImtimidate
0%
Seviper (Hidden)Infiltrator
0%
NInjask (Hidden)Infiltrator
0%
Absol (Hidden)Justified
0%
PelliperKeen Eye | Drizzle
0%
FlygonLevitate
0%
ClaydollLevitate
0%
SolrockLevitate
0%
Registeel (Hidden)Light Metal
0%
Plusle (Hidden)Lightning Rod
0%
SwalotLuquid Ooze | Sticky Hold
0%
Manectric (Hidden)Minus
0%
Glalie (Hidden)Moody
0%
Mightyena (Hidden)Moxie
0%
Salamence (Hidden)Moxie
0%
AltariaNatural Cure
0%
Walrein (Hidden)Oblivious
0%
WhishcashOblivious | Anticipation
0%
IllumiseOblivious | Tinted Lens
0%
SceptileOvergrow
0%
PluslePlus
0%
Mega BanettePrankster
0%
Illumise (Hidden)Prankster
0%
Wailord (Hidden)Pressure
0%
MedichamPure Power
0%
Linoone (Hidden)Quick Feet
0%
Pelliper (Hidden)Rain Dish
0%
Beautifly (Hidden)Rivalry
0%
SharpedoRough Skin
0%
CacturneSand Veil
0%
Swellow (Hidden)Scrappy
0%
JirachiSerene Grace
0%
SeviperShed Skin
0%
Mawile (Hidden)Sheer Force
0%
Hariyama (Hidden)Sheer Force
0%
Torkoal (Hidden)Shell Armour
0%
DustoxShield Dust
0%
NinjaskSpeed Boost
0%
Blaziken (Hidden)Speed Boost
0%
Sharpedo (Hidden)Speed Boost
0%
ManectricStatic | Lightning Rod
0%
Cradilly (Hidden)Storm Drain
0%
Regirock (Hidden)Sturdy
0%
AggronSturdy | Rock Head
0%
CradillySuction Cups
0%
LuvdiscSwift Swim
0%
HuntailSwift Swim
0%
Armaldo (Hidden)Swift Swim
0%
LudicoloSwift Swim | Rain Dish
0%
Breloom (Hidden)Technician
0%
Gardevoir (Hidden)Telepathy
0%
Medicham (Hidden)Telepathy
0%
GrumpigThick Fat | Own Tempo
0%
SwampertTorrent
0%
SlakingTruant
0%
Masquerain (Hidden)Unnerve
0%
Minun (Hidden)Volt Absorb
0%
Cacturne (Hidden)Water Absorb
0%
Huntail (Hidden)Water Veil
0%
WailordWater Veil | Oblivious
0%
TorkoalWhite Smoke | Drought
0%
ShedinjaWonder Guard
0%

Score Distribution

Percentile by Number Answered

Percent of People with Each Score

Your Score History

You have not taken this quiz